Daily Capital City Riddle #141 - Statistics

General Stats
  • This quiz has been taken 14 times
  • The average score is 26 of 33
Answer Stats
Type Answer % Correct
Alphabet Letter I
100%
Alphabet Letter L
100%
Alphabet Letter N
100%
Alphabet Letter B
92%
Alphabet Letter E
92%
Found Letter M
92%
Correctly Placed Letter O
92%
Found Letter O
92%
Alphabet Letter R
92%
Alphabet Letter S
92%
Found Letter A
83%
Alphabet Letter C
83%
Found Letter D
83%
Alphabet Letter H
83%
Alphabet Letter P
83%
Alphabet Letter T
83%
Alphabet Letter U
83%
Alphabet Letter W
83%
Correctly Placed Letter A
75%
Correctly Placed Letter D
75%
Alphabet Letter G
75%
Alphabet Letter K
75%
Alphabet Letter V
75%
Alphabet Letter F
67%
Alphabet Letter J
67%
Alphabet Letter Y
67%
Alphabet Letter Z
67%
Correctly Placed Letter D
58%
Mystery Capital Dodoma
58%
Correctly Placed Letter M
58%
Correctly Placed Letter O
58%
Alphabet Letter Q
58%
Alphabet Letter X
58%
No matching quizzes found
Score Distribution
Percent of People with Each Score
Percentile by Number Answered
Your Score History
You have not taken this quiz